|
|
|
|
| LEADER |
02048nam a2200409 a 4500 |
| 001 |
38272 |
| 003 |
BD-DhAAL |
| 005 |
20230716113739.0 |
| 008 |
220331t1991 cc i100 0 eng d |
| 010 |
|
|
|a 91002493
|
| 020 |
|
|
|a 1557752060
|
| 040 |
|
|
|a DLC
|c DLC
|d DLC
|d BD-DhAAL
|
| 043 |
|
|
|a a-cc---
|
| 050 |
0 |
0 |
|a HG1811
|b .V65 1991
|
| 082 |
0 |
0 |
|a 332.11
|2 20
|
| 100 |
1 |
|
|a Volcker, Paul A.
|9 47579
|
| 245 |
1 |
0 |
|a Perspectives on the role of a central bank :
|b proceedings of a conference held in Beijing, China, January 5-7, 1990 /
|c [principal speakers] Paul A. Volcker, Miguel Mancera, Jean Godeaux.
|
| 260 |
|
|
|a [Peking] :
|b People's Bank of China ;
|a Washington, D.C. :
|b International Monetary Fund ;
|a [New York] :
|b United Nations Development Programme,
|c 1991.
|
| 300 |
|
|
|a 88 pages ;
|c 24 cm.
|
| 500 |
|
|
|a Proceedings of the International Conference on Central Banking.
|
| 541 |
|
|
|a Donated By Akbar Ali Khan
|e 38272, 41361
|
| 610 |
2 |
0 |
|a Zhongguo ren min yin hang
|x Congresses.
|9 47580
|
| 650 |
|
0 |
|a Banks and banking, Central
|x Congresses.
|9 47581
|
| 650 |
|
0 |
|a Monetary policy
|x Congresses.
|9 47582
|
| 650 |
|
0 |
|a Banks and banking, Central
|z China
|x Congresses.
|9 47583
|
| 650 |
|
0 |
|a Monetary policy
|z China
|x Congresses.
|9 47584
|
| 700 |
1 |
|
|a Mancera, Miguel.
|9 47585
|
| 700 |
1 |
|
|a Godeaux, Jean.
|9 47586
|
| 710 |
2 |
|
|a Zhongguo ren min yin hang.
|9 47587
|
| 710 |
2 |
|
|a International Monetary Fund.
|9 47588
|
| 710 |
2 |
|
|a United Nations Development Programme.
|9 47589
|
| 711 |
2 |
|
|a International Conference on Central Banking
|d (1990 :
|c Beijing, China)
|9 47590
|
| 852 |
|
|
|a Ayesha Abed Library
|c Akbar Ali Khan Collection
|
| 942 |
|
|
|2 ddc
|c BK
|
| 999 |
|
|
|c 43925
|d 43925
|
| 952 |
|
|
|0 0
|1 0
|2 ddc
|4 0
|6 332_110000000000000_VOL
|7 1
|9 70325
|a BRACUL
|b BRACUL
|c AAKC
|d 2022-03-31
|e Donated by Akbar Ali Khan
|l 0
|o 332.11 VOL
|p 3010038272
|r 2022-03-31
|t 1
|w 2022-03-31
|y BK
|
| 952 |
|
|
|0 0
|1 0
|2 ddc
|4 0
|6 332_110000000000000_VOL
|7 1
|9 73956
|a BRACUL
|b BRACUL
|c AAKC
|d 2023-07-16
|e Donated By Akbar Ali Khan
|g 1353.00
|l 0
|o 332.11 VOL
|p 3010041361
|r 2023-07-16
|t 2
|w 2023-07-16
|y BK
|x USD 12.50
|